书目信息 |
| 题名: |
基于DEM的气候因子模拟与应用
|
|
| 作者: | 王林林 著 | |
| 分册: | ||
| 出版信息: | 北京 冶金工业出版社 2018.01 |
|
| 页数: | 121页 | |
| 开本: | 21cm | |
| 丛书名: | ||
| 单 册: | ||
| 中图分类: | P467 | |
| 科图分类: | ||
| 主题词: | 数字高程模型--应用--气候变化--研究 | |
| 电子资源: | ||
| ISBN: | 978-7-5024-7729-5 | |
| 000 | 00921nam0 2200217 450 | |
| 001 | 1136 | |
| 005 | 20180927135222.06 | |
| 010 | @a978-7-5024-7729-5@dCNY30.00 | |
| 100 | @a20180412d2018 em y0chiy50 ea | |
| 101 | 0 | @achi |
| 102 | @aCN@b110000 | |
| 105 | @ay z 000yy | |
| 200 | 1 | @a基于DEM的气候因子模拟与应用@9ji yu DEM de qi hou yin zi mo ni yu ying yong@f王林林著 |
| 210 | @a北京@c冶金工业出版社@d2018.01 | |
| 215 | @a121页@d21cm | |
| 330 | @a本书介绍了基于数字高程模型(DEM)数据和气象站的气象观测数据(气温、降水、相对湿度、风速等),运用地理信息系统空间分析技术对气象数据进行空间插值,通过DEM数据进行订正,得到实际地形下气候因子的时空分布格局的方法;并以气候舒适度模拟和茶树种植适宜性评价为例介绍了气候因子模拟结果在实际生产生活中的应用。 | |
| 606 | 0 | @a数字高程模型@x应用@x气候变化@x研究 |
| 690 | @aP467@v5 | |
| 701 | 0 | @a王林林@9wang lin lin@4著 |
| 801 | 0 | @aCN@b91MARC@c20180412 |
| 905 | @aMuseLib@dP467@e108 | |
| 基于DEM的气候因子模拟与应用/王林林著.-北京:冶金工业出版社,2018.01 |
| 121页;21cm |
| ISBN 978-7-5024-7729-5:CNY30.00 |
| 本书介绍了基于数字高程模型(DEM)数据和气象站的气象观测数据(气温、降水、相对湿度、风速等),运用地理信息系统空间分析技术对气象数据进行空间插值,通过DEM数据进行订正,得到实际地形下气候因子的时空分布格局的方法;并以气候舒适度模拟和茶树种植适宜性评价为例介绍了气候因子模拟结果在实际生产生活中的应用。 |
| ● |
| 相关链接 |
|
|
|
|
正题名:基于DEM的气候因子模拟与应用
索取号:P467/108
 
预约/预借
| 序号 | 登录号 | 条形码 | 馆藏地/架位号 | 状态 | 备注 |
| 1 | 1121339 | 211213391 | 第二样本阅览室/ [索取号:P467/108] | 在馆 | |
| 2 | 1121340 | 211213408 | 第三借阅区/ [索取号:P467/108] | 在馆 | |
| 3 | 1121341 | 211213417 | 第三借阅区/ [索取号:P467/108] | 在馆 | |
| 4 | 1121342 | 211213426 | 密集书库-资源管理系/ [索取号:P467/108] | 在馆 | |
| 5 | 1121343 | 211213435 | 第三借阅区/ [索取号:P467/108] | 在馆 |